Дизайн XXI века (Запись № 13696706)

Подробности
000 -МАРКЕР
контрольное поле 03087nam0a2200409 4500
001 - ИДЕНТИФИКАТОР ЗАПИСИ
контрольное поле RU\NLR\BIBL_A\022730126
005 - ИДЕНТИФИКАТОР ВЕРСИИ
контрольное поле 20260426080629.0
010 ## - МЕЖДУНАРОДНЫЙ СТАНДАРТНЫЙ НОМЕР КНИГИ (ISBN)
Номер (ISBN) 978-5-7679-5669-2
Тираж 100
021 ## - НОМЕР ГОСУДАРСТВЕННОЙ РЕГИСТРАЦИИ
Код страны Российская Федерация
Номер КН-П-25-079934
Номер Листа государственной регистраци КН-П-25-7750
035 ## - ДРУГИЕ СИСТЕМНЫЕ НОМЕРА
Идентификатор записи (NLR Aleph) 022730126
100 ## - ДАННЫЕ ОБЩЕЙ ОБРАБОТКИ
Данные общей обработки 20260217d2025 k y0rusy50 ca
101 0# - ЯЗЫК РЕСУРСА
Язык текста, звукозаписи и т.д. русский
Язык резюме английский
102 ## - СТРАНА ПУБЛИКАЦИИ ИЛИ ПРОИЗВОДСТВА
Страна публикации Российская Федерация
105 ## - ПОЛЕ КОДИРОВАННЫХ ДАННЫХ: ТЕКСТОВЫЕ МАТЕРИАЛЫ, МОНОГРАФИЧЕСКИЕ
Кодированные данные о монографическом текстовом документе ac z 000yy
181 #0 - ПОЛЕ КОДИРОВАННЫХ ДАННЫХ: ВИД СОДЕРЖАНИЯ
Код вида содержания (ISBD) i3
Код характеристики содержания (ISBD) axxe
182 #0 - ПОЛЕ КОДИРОВАННЫХ ДАННЫХ: ТИП СРЕДСТВА
Код типа средства (ISBD) n - непосредственное
200 1# - ЗАГЛАВИЕ И СВЕДЕНИЯ ОБ ОТВЕТСТВЕННОСТИ
Основное заглавие Дизайн XXI века
Сведения, относящиеся к заглавию IX Всероссийская заочная научно-практическая интернет-конференция с международным участием, 14-20 апреля 2025 г.
Первые сведения об ответственности Министерство науки и высшего образования Российской Федерации, Федеральное государственное бюджетное образовательное учреждение высшего образования "Тульский государственный университет", Институт горного дела и строительства, Кафедра "Городское строительство, архитектура и дизайн"
Последующие сведения об ответственности редакционный совет: д-р техн. наук, доц. К. А. Головин [и др.]
203 ## - ВИД СОДЕРЖАНИЯ И ТИП СРЕДСТВА
Вид содержания Текст
Дополнительные сведения об издании визуальный
Тип средства непосредственный
210 ## - ПУБЛИКАЦИЯ, РАСПРОСТРАНЕНИЕ И ДР.
Место издания, распространения и т.д. Тула
Имя издателя, распространителя и т. д. Изд-во ТулГУ
Дата издания, распространения и т.д. 2025
215 ## - ФИЗИЧЕСКАЯ ХАРАКТЕРИСТИКА
Специфическое обозначение материала и объем 279 с.
Другие сведения о физической характеристике ил., портр.
Размеры 20
300 ## - ОБЩИЕ ПРИМЕЧАНИЯ
Текст примечания На обл. парал. загл. на англ. яз.: Design of XXI century: IX Russian national scientific and practical internet-conference with international participation
300 ## - ОБЩИЕ ПРИМЕЧАНИЯ
Текст примечания Рез. на англ. яз.
320 ## - ПРИМЕЧАНИЯ О НАЛИЧИИ В ДОКУМЕНТЕ БИБЛИОГРАФИИ / УКАЗАТЕЛЯ
Текст примечания Библиогр. в конце ст.
512 1# - ЗАГЛАВИЕ ОБЛОЖКИ
Заглавие обложки Design of XXI century
Сведения, относящиеся к заглавию IX Russian national scientific and practical internet-conference with international participation
606 1# - НАИМЕНОВАНИЕ ТЕМЫ КАК ПРЕДМЕТ
Наименование темы Художественное конструирование
Формальный подзаголовок Съезды, совещания и т.п
Хронологический подзаголовок 21 в.
Системный номер авторитетной/нормативной записи 2592461
Идентификатор авторитетной/нормативной записи RU\NLR\AUTH\661531962
606 1# - НАИМЕНОВАНИЕ ТЕМЫ КАК ПРЕДМЕТ
Наименование темы Искусство
Формальный подзаголовок Съезды, совещания и т.п
Системный номер авторитетной/нормативной записи 934834
Идентификатор авторитетной/нормативной записи RU\NLR\AUTH\6626297
686 1# - ИНДЕКСЫ ДРУГИХ КЛАССИФИКАЦИЙ
Индекс Щ129.3(0)65я431
686 1# - ИНДЕКСЫ ДРУГИХ КЛАССИФИКАЦИЙ
Индекс Щ,0я431
702 #1 - ИМЯ ЛИЦА - ВТОРИЧНАЯ ОТВЕТСТВЕННОСТЬ
Начальный элемент ввода Головин
Часть имени, кроме начального элемента ввода К. А.
Расширение инициалов личного имени Константин Александрович
Код отношения Редактор
711 12 - НАИМЕНОВАНИЕ ОРГАНИЗАЦИИ - АЛЬТЕРНАТИВНАЯ ОТВЕТСТВЕННОСТЬ
Начальный элемент ввода "Дизайн XXI века", всероссийская заочная научно-практическая интернет-конференция с международным участием
Порядковый номер временной организации и / или порядковый номер ее части 9
Место проведения временной организации Тула
Дата проведения временной организации 2025
Системный номер авторитетной/нормативной записи 2698903
Идентификатор авторитетной/нормативной записи RU\NLR\AUTH\880639377
712 02 - НАИМЕНОВАНИЕ ОРГАНИЗАЦИИ - ВТОРИЧНАЯ ОТВЕТСТВЕННОСТЬ
Код отношения Прочие
Начальный элемент ввода Тульский государственный университет
Структурное подразделение Институт горного дела и строительства
-- Кафедра "Городское строительство, архитектура и дизайн"
Системный номер авторитетной/нормативной записи 2698905
Идентификатор авторитетной/нормативной записи RU\NLR\AUTH\880639379
942 ## - ДОПОЛНИТЕЛЬНЫЕ ЭЛЕМЕНТЫ ЗАПИСИ (АБИС)
Тип экземпляра АБИС Книга
980 ## - КОЛЛЕКЦИЯ
Название коллекции Национальная библиография

Нет доступных экземпляров.